000 00321nam a2200133Ia 4500
005 20251222155136.0
008 251222s9999||||xx |||||||||||||| ||spa||
082 _aMAN.61
100 _aVALTUEƑA Oscar.
245 0 _aManual Control Enfermedades Transmisibles
250 _a1ra. ed.
264 _bOPS/OMS
942 _cLIB
999 _c39001
_d39001